000 00679nam a22001697a 4500
999 _c60759
_d60759
005 20231019113013.0
008 231019s1988 ru ||||| |||| 00| 0 rus d
041 _arus
080 _a82-34(031) M-68
245 _aМифы народов мира :
_bЭнциклопедия в 2 томах. Том 2. /
_cГл. ред. С.А. Токарев.
250 _aизд. 2-е.
264 _aМ.:
_bСоветская энциклопедия,
_c1988.
300 _a719 стр.:
_bил.;
_c27 см.
653 _aმსოფლიოს ხალხების მითები
700 _aТокарев, С.А.
_eმთ. რედაქტორი
_920124
942 _2udc
_cBK